| 000 | 00440nam a2200169Ia 4500 | ||
|---|---|---|---|
| 005 | 20250428033154.0 | ||
| 008 | 240331s9999 xx 000 0 und d | ||
| 020 | _a9789551470038 | ||
| 082 |
_bRAH _a891 |
||
| 100 | _aRahubaddha,S | ||
| 245 | 0 |
_aKatu otunu : _bonly one year |
|
| 250 | _a2nd | ||
| 260 |
_aNugegoda _bPlatform For Alternate Culture _c2011 |
||
| 300 | _a476 p ., | ||
| 500 | _aTranslation of Only one Year Book | ||
| 942 | _cL | ||
| 999 |
_c5250 _d5250 |
||